| 000 | 00405nam a2200169Ia 4500 | ||
|---|---|---|---|
| 008 | 230524s9999 xx 000 0 und d | ||
| 082 |
_a540 _bJAI |
||
| 100 | _aP.C.Jain | ||
| 245 | 0 | _aEngineering Chemistry Vol-I | |
| 250 | _a14TH | ||
| 260 |
_aNEW DELHI _bDhanpat Rai _c2004 |
||
| 300 | _aVIII;320 | ||
| 500 | _aQuantity Number: 265 | ||
| 650 | _aChemistry | ||
| 700 | _a Monika Jain | ||
| 942 | _cBK | ||
| 999 |
_c10626 _d10626 |
||